Представление документа в формате RUSMARC

ПолеНазваниеЗначение
  Тип записи a
  Библиографический уровень a
001 Контрольный номер UONB/MAIN/9545617323e34bad9607885f46c84810
005 Дата корректировки 20260415115332.8
100 Данные общей обработки __
a Данные общей обработки 20260415 ||| 0rusy0189 ca
101 Язык документа 0_
a Язык текста rus
102 Страна публикации __
a Страна публикации RU
200 Заглавие и сведения об ответственности 1_
a Заглавие По линии жизни...
e Сведения, относящиеся к заглавию стихи
f Первые сведения об ответственности С. Лобанов
203 Вид содержания и тип средства __
a Вид содержания Текст
b Характеристика содержания визуальный
c Тип средства непосредственный
225 Серия 1_
a Серия Поэзия и проза
327 Примечание о содержании 01
a Примечание о содержании Три дня...
a Примечание о содержании На фронте...
a Примечание о содержании Закон войны...
a Примечание о содержании По линии жизни на линию фронта...
a Примечание о содержании Размышления на фронте...
a Примечание о содержании Моя жена...
a Примечание о содержании Пацаны...
461 Уровень набора _0
1 2000
a Москва
1 011
a 0131-2332
463 Уровень физической единицы _0
1 2000
a № 3
v С. 3-7
1 2101
d 2026
1 001UONB/MAIN/be4d8960933542609546a630b5db2276
517 Другие варианты заглавия 1_
a Другие варианты заглавия Три дня...
517 Другие варианты заглавия 1_
a Другие варианты заглавия На фронте...
517 Другие варианты заглавия 1_
a Другие варианты заглавия Закон войны...
517 Другие варианты заглавия 1_
a Другие варианты заглавия По линии жизни на линию фронта...
517 Другие варианты заглавия 1_
a Другие варианты заглавия Размышления на фронте...
517 Другие варианты заглавия 1_
a Другие варианты заглавия Моя жена...
517 Другие варианты заглавия 1_
a Другие варианты заглавия Пацаны...
606 Тематические рубрики 0_
a Основная рубрика Художественная литература
606 Тематические рубрики 0_
a Основная рубрика Современная русская литература (произведения)
610 Ключевые слова 0_
a Ключевые слова стихи
610 Ключевые слова 0_
a Ключевые слова тема жизни и смерти
610 Ключевые слова 0_
a Ключевые слова тема военных будней
610 Ключевые слова 0_
a Ключевые слова тема жизни на войне
610 Ключевые слова 0_
a Ключевые слова тема боевого братства
686 Индексы других классификаций __
2 Код системы rubbk
700 Автор _1
a Фамилия Лобанов
b Имя (инициалы) С.
g Полное личное имя Сергей
4 Код отношения 070
801 Источник записи _0
a Страна RU
b Организация Ульяновская ОНБ
c Дата составления 20260415
g Правила каталогизации RCR
801 Источник записи _1
a Страна RU
b Организация Ульяновская ОНБ
c Дата составления 20260415
g Правила каталогизации RCR
901 Тип документа __
t Тип документа b
w Контрольный № источника UONB/MAIN/be4d8960933542609546a630b5db2276